000 01079cab a22003015a 4500
001 L154595
008 120103e20111111xxk f 000 0 eng d
035 _a(Sirsi) u154595
041 0 _aeng
100 1 _aWright, Emily
245 0 0 _aAnyone who is not looking at Asia should be
260 _c2011
490 _aBuilding
_v276 (8705) 25 November 2011, 36-39(4)
520 _aDiscusses the opportunity for UK construction companies to win work in Asia in 2012 and beyond: why now? the opportunities, the right approach, and the challenges. Snapshot overview of China, India, Malaysia, Indonesia and Japan includes annual construction spend/value, largest national companies, UK firms already operating there, and useful contacts.
590 _aKA
651 4 _aUnited Kingdom
_y
651 4 _aChina
651 4 _aIndia
651 4 _aMalaysia
_y1965-
651 4 _aIndonesia
651 4 _aJapan
651 4 _aSouth Asia
651 4 _aNorth Asia
651 4 _aASEAN
651 4 _aAsia Pacific
690 _aBUILT ENVIRONMENT-CONSTRUCTION MARKET
942 _n0
999 _c83681
_d83681